00803 a2200169 450000500170000002000180001710000160003524500360005125000120008726000330009930000490013294200130018199900150019495201440020995201400035395201400049320250611112449.0 a9780071440240 aKEMP, S. M  aBusiness Statistics Demystified a13th Ed aNew YorkbMcgraw-hill c2004 axiii, 380p.:ill; Graph, TablebIndexc23.5cm 2ddccBKS c3731d3731 r2025-06-11 11:29:43l0o519 KEMpMBY000161v97500.00w2025-06-11yBKS102ddc407000a002b002cSPECIALd2025-06-11ePurchaseg32500.00 r2025-06-27 12:40:34l0o519 KEMpMBY000719v97500.00w2025-06-27yBKS102ddc407000a002b002cGENd2016-12-08ePurchaseg32500.00 r2025-06-28 20:04:48l0o519 KEMpMBY000886v97500.00w2025-06-27yBKS102ddc407000a002b002cGENd2016-12-08ePurchaseg32500.00